00933nam a2200229 a 450000100100000000500170001000800410002704000250006808200200009310000320011324500500014526000360019530000270023150000640025859000260032265000280034865000310037691000370040795201180044495201240056299900170068600001045620240412074218.0091007s1997 dr a 000 p spa d aDO-SdBNPbspacBNPHU aRD861.44bL865a1 aLora Meyer, Andrés92546010aAbril en el corazón /cAndrés Lora Meyer. aSanto Domingo :bAngel ,c1997. a55 p. :bil. ;c21 cm. aIncluye datos biográficos del autor en la contracubierta. aInventariado, 2018/LP 0aPoesía dominicana966 0aLiteratura dominicana.967 aValidado. Control de calidad MFF 0010718PDaPDbPDcHDd2009-10-09iLF1l0oRD861.44 L865ap10456-10r2020-06-25w2020-06-25yLFPDZNo se presta 0010718PDaPDbPDcHDd2011-08-09iLF1l0oRD861.44 L865ap10456-20r2020-06-25te. 2w2020-06-25yLFPDZNo se presta c10215d10215